MARC details
| 000 -LEADER |
| fixed length control field |
03941cam a22004577i 4500 |
| 001 - CONTROL NUMBER |
| control field |
data |
| 005 - DATE AND TIME OF LATEST TRANSACTION |
| control field |
20260322212110.0 |
| 008 - FIXED-LENGTH DATA ELEMENTS--GENERAL INFORMATION |
| fixed length control field |
data |
| 035 ## - SYSTEM CONTROL NUMBER |
| System control number |
20188109 |
| 010 ## - LIBRARY OF CONGRESS CONTROL NUMBER |
| LC control number |
2017446963 |
| 020 ## - INTERNATIONAL STANDARD BOOK NUMBER |
| International Standard Book Number |
9781846826375 |
| Qualifying information |
(hardcover) |
| 020 ## - INTERNATIONAL STANDARD BOOK NUMBER |
| International Standard Book Number |
1846826373 |
| Qualifying information |
(hardcover) |
| 035 ## - SYSTEM CONTROL NUMBER |
| System control number |
(OCoLC)968777013 |
| 040 ## - CATALOGING SOURCE |
| Original cataloging agency |
BTCTA |
| Language of cataloging |
eng |
| Transcribing agency |
BTCTA |
| Description conventions |
rda |
| Modifying agency |
DLC |
| -- |
NLE |
| -- |
OCLCF |
| -- |
MNJ |
| -- |
QGJ |
| -- |
NYP |
| -- |
PTS |
| -- |
DLC |
| 042 ## - AUTHENTICATION CODE |
| Authentication code |
lccopycat |
| 043 ## - GEOGRAPHIC AREA CODE |
| Geographic area code |
e-ie--- |
| 050 00 - LIBRARY OF CONGRESS CALL NUMBER |
| Classification number |
BX5500 |
| Item number |
.C553 2017 |
| 082 04 - DEWEY DECIMAL CLASSIFICATION NUMBER |
| Classification number |
283.415 |
| Edition information |
23 |
| 245 04 - TITLE STATEMENT |
| Title |
The Church of Ireland and its past : |
| Remainder of title |
history, interpretation and identity / Mark Empey, Alan Ford & Miriam Moffitt, editors. |
| 264 #1 - PRODUCTION, PUBLICATION, DISTRIBUTION, MANUFACTURE, AND COPYRIGHT NOTICE |
| Place of production, publication, distribution, manufacture |
Dublin, Ireland : |
| Name of producer, publisher, distributor, manufacturer |
Four Courts Press, |
| Date of production, publication, distribution, manufacture, or copyright notice |
[2017]. |
| 264 #4 - PRODUCTION, PUBLICATION, DISTRIBUTION, MANUFACTURE, AND COPYRIGHT NOTICE |
| Date of production, publication, distribution, manufacture, or copyright notice |
©2017 |
| 300 ## - PHYSICAL DESCRIPTION |
| Extent |
xii, 322 pages ; |
| Dimensions |
24 cm |
| 336 ## - CONTENT TYPE |
| Content type term |
text |
| Content type code |
txt |
| Source |
rdacontent |
| 337 ## - MEDIA TYPE |
| Media type term |
unmediated |
| Media type code |
n |
| Source |
rdamedia |
| 338 ## - CARRIER TYPE |
| Carrier type term |
volume |
| Carrier type code |
nc |
| Source |
rdacarrier |
| 504 ## - BIBLIOGRAPHY, ETC. NOTE |
| Bibliography, etc. note |
Includes bibliographical references and index |
| 505 00 - FORMATTED CONTENTS NOTE |
| Title |
Concluding reflections / |
| Statement of responsibility |
David Hayton. |
| Title |
Shaping history: James Ussher and the Church of Ireland / |
| Statement of responsibility |
Alan Ford -- |
| Title |
Creating a usable past: James and Robert Ware / |
| Statement of responsibility |
Mark Empey -- |
| Title |
Writing the history of the Church of Ireland in the eighteenth century / |
| Statement of responsibility |
Toby Barnard -- |
| Title |
High-church history: C.R. Elrington and his edition of James Ussher's works / |
| Statement of responsibility |
Jamie Blake Knox -- |
| Title |
Contested histories? Richard Mant's History of the Church of Ireland and religious politics in early Victorian Belfast / |
| Statement of responsibility |
Sean Farrell -- |
| Title |
J.H. Todd and the Life of St Patrick / |
| Statement of responsibility |
Dáibhí Ó Cróinín -- |
| Title |
Bishop William Reeves, Adomnán, and the beginning of historical theology in Ireland / |
| Statement of responsibility |
Thomas O'Loughlin -- |
| Title |
Irishness, foreignness and national identity: apostolic succession in disestablishment historiography / |
| Statement of responsibility |
James Golden -- |
| Title |
George T. Stokes and the oriental origins of Irish Christianity in the late nineteenth century / |
| Statement of responsibility |
Ruairí Cullen -- |
| Title |
W.A. Phillips, History of the Church of Ireland (1933-4): a missed opportunity / |
| Statement of responsibility |
Miriam Moffitt -- |
| Title |
Church of Ireland historians and the twelfth-century reform of the Irish church, 1850-1950 / |
| Statement of responsibility |
Miriam Moffitt -- |
| Title |
Journeying into a wider world? The development of the histories of the Church of Ireland since 1950 / |
| Statement of responsibility |
Ian d'Alton -- |
| Miscellaneous information |
The debate about the Irish Reformation: some reflections on twentieth-century historiography. |
| Title |
Revisiting the past: reflections on "Why the Reformation failed in Ireland: une question mal posée" / |
| Statement of responsibility |
Nicholas Canny -- |
| Title |
Taking sides? Lingering problematics in Irish church history / |
| Statement of responsibility |
Karl S. Bottigheimer -- |
| Title |
The Irish Reformation debate in retrospect / |
| Statement of responsibility |
Steven G. Ellis -- |
| Title |
After Bradshaw: the debate on the Tudor Reformation in Ireland / |
| Statement of responsibility |
James Murray -- |
| Title |
One church, two histories: the Jacobean and the Caroline traditions in the Church of Ireland, 1600-2000 / |
| Statement of responsibility |
Alan Ford -- |
| Title |
Concluding reflections / |
| Statement of responsibility |
David Hayton. |
| 520 ## - SUMMARY, ETC. |
| Summary, etc. |
"This book brings together leading Irish historians who examine how the history of the Church of Ireland has been written in the 500 years since the Reformation. It traces the emergence of a distinctly Protestant narrative, shaped by the belief that the Church of Ireland was the true descendant of St Patrick, and shows how this endured down to the twentieth century, before being challenged by the development of a more secular and professional approach to the writing of history."--Back cover. |
| 610 20 - SUBJECT ADDED ENTRY--CORPORATE NAME |
| Corporate name or jurisdiction name as entry element |
Church of Ireland |
| General subdivision |
History. |
| 610 27 - SUBJECT ADDED ENTRY--CORPORATE NAME |
| Corporate name or jurisdiction name as entry element |
Church of Ireland. |
| Source of heading or term |
fast |
| Authority record control number or standard number |
(OCoLC)fst00513937 |
| 651 #0 - SUBJECT ADDED ENTRY--GEOGRAPHIC NAME |
| Geographic name |
Ireland |
| General subdivision |
Church history. |
| 651 #7 - SUBJECT ADDED ENTRY--GEOGRAPHIC NAME |
| Geographic name |
Ireland. |
| Source of heading or term |
fast |
| Authority record control number or standard number |
(OCoLC)fst01205427 |
| 655 #7 - INDEX TERM--GENRE/FORM |
| Genre/form data or focus term |
Church history. |
| Source of term |
fast |
| Authority record control number or standard number |
(OCoLC)fst01411629 |
| 655 #7 - INDEX TERM--GENRE/FORM |
| Genre/form data or focus term |
History. |
| Source of term |
fast |
| Authority record control number or standard number |
(OCoLC)fst01411628 |
| 700 1# - ADDED ENTRY--PERSONAL NAME |
| Personal name |
Empey, Mark. |
| Relator term |
editor. |
| 700 1# - ADDED ENTRY--PERSONAL NAME |
| Personal name |
Ford, Alan, |
| Dates associated with a name |
1956- |
| Relator term |
editor. |
| 700 1# - ADDED ENTRY--PERSONAL NAME |
| Personal name |
Moffitt, Miriam. |
| Relator term |
editor. |
| 906 ## - LOCAL DATA ELEMENT F, LDF (RLIN) |
| a |
7 |
| b |
cbc |
| c |
copycat |
| d |
2 |
| e |
ncip |
| f |
20 |
| g |
y-gencatlg |
| 925 0# - |
| -- |
acquire |
| -- |
1 shelf copies |
| -- |
policy default |